Qué empleo para los jóvenes?: hacia estrategias innovadoras
שמור ב:
| Main Authors: | , , , , , |
|---|---|
| פורמט: | ספר |
| שפה: | ספרדית |
| יצא לאור: |
Madrid
Tecnos
1988
|
| סדרה: | Colección de Ciencias Sociales. Serie de Sociología
|
| נושאים: | |
| תגים: |
הוספת תג
אין תגיות, היה/י הראשונ/ה לתייג את הרשומה!
|
MARC
| LEADER | 00000nam a2200000 a 4500 | ||
|---|---|---|---|
| 001 | UCK2877 | ||
| 003 | CL-VaPUC | ||
| 008 | 050324e19880000SP |||||||||||||||||spa|d | ||
| 020 | |a 8430915907 | ||
| 082 | 0 | 4 | |a 331.34 |b TOU |2 21 |
| 100 | 0 | |a Touraine, Alain |e author |9 490851 | |
| 700 | 0 | |a Hartman, Jürgen |e author |9 490852 | |
| 700 | 0 | |a Hakiki-Talahite, Fatiha |e author |9 490853 | |
| 700 | 0 | |a Thank-Khoi, Lê |e author |9 490854 | |
| 700 | 0 | |a Ly, Boubakar |e author |9 490855 | |
| 700 | 0 | |a Braslavsky, Cecilia |e author |9 490856 | |
| 245 | 1 | 0 | |a Qué empleo para los jóvenes?: hacia estrategias innovadoras |
| 300 | |a 218 p | ||
| 942 | |c BK | ||
| 945 | |d 20050324 00:00:00 |a cmena | ||
| 260 | |a Madrid |b Tecnos |c 1988 | ||
| 650 | 0 | |a Mercado laboral |9 375911 | |
| 650 | 0 | |a Juventud |9 271073 | |
| 650 | 0 | |a Desempleo |9 257579 | |
| 650 | 0 | |a Políticas sociales |9 358116 | |
| 583 | |a last modification |c 20050324 00:00:00 |k Rodrigo Vera | ||
| 490 | 0 | |a Colección de Ciencias Sociales. Serie de Sociología | |
| 999 | |c 312273 |d 312271 | ||
| 952 | |0 0 |1 0 |4 0 |6 331_340000000000000_TOU_1988 |7 0 |8 A |9 382329 |a BIBGIM |b BIBGIM |d 2019-11-21 |i 4103149 |o 331.34 TOU 1988 |p 4103149 |r 2025-01-15 |w 2019-11-21 |y BK |k SSL | ||